| 000 | 00443nam a2200169Ia 4500 | ||
|---|---|---|---|
| 999 |
_c27589 _d27589 |
||
| 003 | OSt | ||
| 005 | 20201203115035.0 | ||
| 008 | 190216s9999||||xx |||||||||||||| ||und|| | ||
| 040 | _coclc | ||
| 082 |
_a894.8123 _bVKN/K |
||
| 100 |
_aV K N _96953 |
||
| 245 | 0 |
_aKaavi / _cV K N |
|
| 260 |
_bCurrent Books, _c1997. _aThrissur: |
||
| 300 | _a109p | ||
| 650 | _aNovel | ||
| 942 |
_cBK _2ddc _h894.8123 _iVKN/K _k894.8123 _mVKN/K |
||